MARC details
| 000 -LEADER |
| fixed length control field |
05767cam a2200421 a 4500 |
| 001 - CONTROL NUMBER |
| control field |
14937989 |
| 005 - DATE AND TIME OF LATEST TRANSACTION |
| control field |
20201128020741.0 |
| 008 - FIXED-LENGTH DATA ELEMENTS--GENERAL INFORMATION |
| fixed length control field |
070723s2008 enk b 001 0 eng |
| 010 ## - LIBRARY OF CONGRESS CONTROL NUMBER |
| LC control number |
2007030358 |
| 015 ## - NATIONAL BIBLIOGRAPHY NUMBER |
| National bibliography number |
GBA848000 |
| Source |
bnb |
| 016 7# - NATIONAL BIBLIOGRAPHIC AGENCY CONTROL NUMBER |
| Record control number |
014566860 |
| Source |
Uk |
| 020 ## - INTERNATIONAL STANDARD BOOK NUMBER |
| International Standard Book Number |
9780521790789 (hardback) |
| 020 ## - INTERNATIONAL STANDARD BOOK NUMBER |
| International Standard Book Number |
0521790786 (hardback) |
| 020 ## - INTERNATIONAL STANDARD BOOK NUMBER |
| International Standard Book Number |
9780521793995 (pbk.) |
| 020 ## - INTERNATIONAL STANDARD BOOK NUMBER |
| International Standard Book Number |
0521793998 (pbk.) |
| 035 ## - SYSTEM CONTROL NUMBER |
| System control number |
(OCoLC)ocn167492760 |
| 035 ## - SYSTEM CONTROL NUMBER |
| System control number |
(OCoLC)167492760 |
| Canceled/invalid control number |
(OCoLC)162126799 |
| 040 ## - CATALOGING SOURCE |
| Original cataloging agency |
DLC |
| Transcribing agency |
DLC |
| Modifying agency |
BAKER |
| -- |
BTCTA |
| -- |
YDXCP |
| -- |
UKM |
| -- |
C#P |
| -- |
DLC |
| 050 00 - LIBRARY OF CONGRESS CALL NUMBER |
| Classification number |
HB501 |
| Item number |
.H564 2008 |
| 082 00 - DEWEY DECIMAL CLASSIFICATION NUMBER |
| Classification number |
335.412 |
| Edition number |
22 |
| Item number |
HOL |
| 100 1# - MAIN ENTRY--PERSONAL NAME |
| Personal name |
Hollander, Samuel. |
| 9 (RLIN) |
3130 |
| 245 14 - TITLE STATEMENT |
| Title |
The economics of Karl Marx : |
| Remainder of title |
analysis and application / |
| Statement of responsibility, etc |
Samuel Hollander. |
| 260 ## - PUBLICATION, DISTRIBUTION, ETC. (IMPRINT) |
| Place of publication, distribution, etc |
Cambridge ; |
| -- |
New York : |
| Name of publisher, distributor, etc |
Cambridge University Press, |
| Date of publication, distribution, etc |
2008. |
| 300 ## - PHYSICAL DESCRIPTION |
| Extent |
xvi, 532 p. ; |
| Dimensions |
25 cm. |
| 440 #0 - |
| -- |
Historical perspectives on modern economics |
| -- |
3131 |
| 500 ## - GENERAL NOTE |
| General note |
Includes Index. |
| 504 ## - BIBLIOGRAPHY, ETC. NOTE |
| Bibliography, etc |
Includes bibliographical references (p. 501-518) and index. |
| 505 2# - FORMATTED CONTENTS NOTE |
| Formatted contents note |
Capital : principle features of the Marxian "canon" -- Value and distribution -- On "demand-supply" analysis -- The transformation of values into prices: formal analysis -- The transformation and the allocation mechanism -- Competition constrained : land scarcity and firm size -- On "market value" and competition -- The inverse wage-profit relation and profit-rate equalization -- Materials, the luxury-goods sector and the general profit rate -- The rate of surplus value as endogenous variable -- More on final demand and distribution -- Marx's strategy -- The Baumol-Samuelson debate -- Elements of growth theory -- Setting the stage : stationary reproduction as circular-flow process -- Capital accumulation -- Determinants of the rate of accumulation -- The "simple reproduction" scheme -- The "extended reproduction" scheme -- Economic growth and the falling real-wage trend -- The falling wage trend -- The subsistence wage and the value of labor power -- The falling wage trend and population growth -- The industrial Reserve Army and cyclical wage fluctuations -- Inter-sectoral labor movements -- The participation rate -- Objections to Malthus -- Economic growth and the falling rate of profit -- The basic analysis -- The conditions for a falling rate of profit -- Increasing rate of surplus value and cheapening of constant capital -- The limited impact of a rising rate of surplus value -- Implications of differential rates of productivity increase -- Technical progress and the falling profit rate : an overview -- On secular underconsumption -- On the significance of the falling profit rate -- The cyclical dimension -- The cyclical chronology -- Trend and cycle : causal mechanisms -- The raw material constraint and upper turning point -- The labor constraint and upper turning point -- The monetary dimension -- A note on the "echo effect" -- Inter- and intra-departmental imbalance -- Origins: marx in the 1840s -- Marx's economics 1843-45 -- Price theory -- Wage-rate and profit-rate trends -- The private property system : Ricardo as bete noire -- On aggregate demand and "overproduction" -- In partial defence of Proudhon -- Objections to Friedrich list -- "First draft" of Capital 1847--49 -- Allocation and cost price : the labor theory -- Differential rent -- Labor as commodity -- On "labor power" and the source of surplus value -- The inverse wage-profit relation -- The falling real-wage trend -- Increasing organic composition, demographic patterns and the Reserve Army -- Profit-rate determination : "competition of capitals" -- Labor and free trade : on Marx's Ricardian bonafides -- "Second draft" of capital : the Grundrisse 1857-1858 -- 1857-58 I : surplus value -- The basic doctrine -- Surplus value and the transition to growth -- Elements of a growth model : productivity increase, population growth and the reserve of unemployed -- The falling rate of profit -- The "transformation" -- A Marxian "reply" to Bohm-Bawerk -- Surplus value : matters of timing and indebtedness -- On Ricardo and surplus value : an excursus -- 1857-58 II : on value realization and the overproduction problem -- Capital turnover : a circular-flow process -- Value realization and overproduction -- On the law of markets and the overproduction literature -- On working-class consumption -- "Third draft" of Capital : the economic manuscripts, 1861- 63 -- 1861-1863 I : surplus value profit, rent, and interest -- Profit-rate equalization and the transformation -- The transformation aborted: absolute rent and the priority of the industrial sector -- The falling rate of profit -- Materials costs, the luxury sector and the general profit rate -- The rate of interest -- Commercial capital and the surplus-value doctrine -- 1861-1863 II : sectorial analysis, accumulation, and stability -- Sectoral analysis and the constant capital "riddle" -- Conditions for "continuous" accumulation -- On overproduction -- The secular-cyclical nexus -- Sources of cyclical instability -- The recovery process : corrective mechanisms -- On the overproduction literature -- 186-63 III : the labor market. |
| 600 10 - SUBJECT ADDED ENTRY--PERSONAL NAME |
| Personal name |
Marx, Karl, |
| Dates associated with a name |
1818-1883. |
| Title of a work |
Das Kapital. |
| 9 (RLIN) |
3132 |
| 650 #0 - SUBJECT ADDED ENTRY--TOPICAL TERM |
| Topical term or geographic name as entry element |
Capital. |
| 9 (RLIN) |
3133 |
| 650 #0 - SUBJECT ADDED ENTRY--TOPICAL TERM |
| Topical term or geographic name as entry element |
Business cycles. |
| 9 (RLIN) |
3134 |
| 650 #0 - SUBJECT ADDED ENTRY--TOPICAL TERM |
| Topical term or geographic name as entry element |
Value. |
| 9 (RLIN) |
3135 |
| 650 #0 - SUBJECT ADDED ENTRY--TOPICAL TERM |
| Topical term or geographic name as entry element |
Marxian economics. |
| 9 (RLIN) |
3136 |
| 856 42 - ELECTRONIC LOCATION AND ACCESS |
| Materials specified |
Publisher description |
| Uniform Resource Identifier |
<a href="http://www.loc.gov/catdir/enhancements/fy0803/2007030358-d.html">http://www.loc.gov/catdir/enhancements/fy0803/2007030358-d.html</a> |
| 856 41 - ELECTRONIC LOCATION AND ACCESS |
| Materials specified |
Table of contents only |
| Uniform Resource Identifier |
<a href="http://www.loc.gov/catdir/enhancements/fy0803/2007030358-t.html">http://www.loc.gov/catdir/enhancements/fy0803/2007030358-t.html</a> |
| 942 ## - ADDED ENTRY ELEMENTS (KOHA) |
| Source of classification or shelving scheme |
Dewey Decimal Classification |
| Item type |
Book - Borrowing |